Представление документа в формате MARC21

Поле Инд. ПП Название Значение
Тип записи a
Библиографический уровень b
001 Контрольный номер RU/IS/BASE/147280452
005 Дата корректировки 20200522190702.6
084 a Индекс другой классификации/Индекс ББК 66.4(0),30в
a Индекс другой классификации/Индекс ББК 63.3(0)6-6
097 00 a 730
100 10 a Автор Михалка М.
245 00 a Заглавие Концепция кооперативной безопасности
504 00 a Библиография Библиогр. ссылки
650 a Основная рубрика история
a Основная рубрика международные отношения
a Основная рубрика политика
653 00 a Ключевые слова XX век
a Ключевые слова всеобщая безопасность
a Ключевые слова история международных отношений
a Ключевые слова коллективная безопасность
a Ключевые слова кооперативная безопасность
a Ключевые слова международная безопасность
a Ключевые слова мировая политика
a Ключевые слова новейшее время
a Ключевые слова теория международных отношений
773 00 t Заглавие источника Вестник Московского университета. Серия 18, Социология и политология
d Дата издания источника 2001
g Прочая информация № 1. - С. 104 - 119
w Контрольный № источника RU/IS/BASE/148578682
901 t Тип документа b